Normal view
MARC view
- تأليف الفار،مصطفى ؛ م.مشارك داوود الشوابكة
Entry Personal Name
001 - CONTROL NUMBER
- control field: 11044
003 - CONTROL NUMBER IDENTIFIER
- control field: JO-AjAnu
005 - DATE AND TIME OF LATEST TRANSACTION
- control field: 20230606072055.0
008 - FIXED-LENGTH DATA ELEMENTS
- fixed length control field: 230606|| aca||aabn | a|a d
040 ## - CATALOGING SOURCE
- Original cataloging agency: JO-AjAnu
- Transcribing agency: JO-AjAnu
100 ## - HEADING--PERSONAL NAME
- Personal name: تأليف الفار،مصطفى ؛ م.مشارك داوود الشوابكة
670 ## - SOURCE DATA FOUND
- Source citation: Work cat.: (JO-AjAnu)5687: تأليف الفار،مصطفى ؛ م.مشارك داوود الشوابكة, author, باقات من النثر العربي: دراسة تطبيقية